Uusi Päivä - kenen lause #2 - Statistics

Yleistilastot
  • Tätä visaa on pelattu 86 kertaa
  • Keskiarvotulos 10 / 14
Vastaustilastot
Hint Vastaus % Oikein
"Se yks juttu meni vähän perskutarallaa" Lauri Kallio
96%
"Puhuisit sinäkin suomea senkin harppu!" Minna Haavisto
93%
"Ei meinaa noita 10 millin nipistyssuppia löytyä mistään" Tero Kuusla
90%
"Miten mä voisin ikinä luottaa suhun kun sä aina vaan valehtelet mulle?" Elina Haavisto
87%
"Huone tyhjä tai täynnä, minulle aina tyhjä, kunnes oven avaa Vilma, mutta vain sulkeakseen sen taas" Jukka Hiltunen
83%
"Sä voit juosta, mut sä et voi paeta, Lauri-boy" Otso Karhu
80%
"Seuraavan vihabiisin mä teen susta! Varas!" Emmi Lukkari
78%
"Oo mies äläkä tollanen babyporkkana" Niklas Järvelä
77%
"No mites tuota, onko viime aikoina selibaattia pidellyt?" Asko Haavisto
73%
"Kanttura mikä kanttura" Siiri
73%
"Kuka nyt linnunlaulusta häiriintyisi? Kyllä sellainen ihminen saa mennä sitten itseensä" Irmeli Laakso
62%
"Nyt iski decoltee" Ensio Haavisto
61%
"Herranjumala orkidea!" Hilkka Ranta
30%
"OK tähtityttö OK" Titus Koistinen
26%
Ehtoja vastaavia visoja ei löytynyt
Tulosjakauma
Jokaisen tuloksen saaneiden osuus
Persentiili vastausten määrän mukaan
Tuloshistoriasi
Et ole pelannut tätä visaa